| 000 | 00674cab a2200217 4500 | ||
|---|---|---|---|
| 001 | X91564 | ||
| 008 | 090401t1998 xxu||||| |||| 00| 0 eng d | ||
| 035 | _a(Sirsi) u86050 | ||
| 041 | _aeng | ||
| 245 | _aR v Durham CC | ||
| 260 | _c1998 | ||
| 350 | _a0 | ||
| 490 |
_aNew Property Cases _v(1998) NPC 77 (2) |
||
| 520 | _aQB 28 April 1998. Diversion of a footpath. Although the committee hearing was unstructured there was no unfairness in the ultimate outcome. HEADNOTE. NB NOT TO BE PHOTOCOPIED. | ||
| 650 | _aFOOTPATH | ||
| 650 | _aR V DURHAM CC | ||
| 650 | _aTOWN PLANNING | ||
| 690 | _aPROPERTY LAW AND PRACTICE-CASE LAW | ||
| 942 | _n0 | ||
| 948 | _c07/05/1998 | ||
| 999 |
_c54134 _d54134 |
||